000 00485nam a2200181Ia 4500
001 11748
005 20260306162851.0
008 260306t2024||||xx |||||||||||||| ||spa||
041 _aESP
082 _aHR 100
_bV. 33 F. 1 2024 AP
110 _aPontificia UniversitĂ  Della Santa Croce
245 0 _aActa philosophica :
_brivista internazionale di filosofia
260 _c2024
300 _a193 páginas :
_c24 cm.
650 _aGEN
654 _aCHU
942 _cREV
_dJUS
_fJUS
_2ddc
_n
999 _c11748
_d11748